| 000 | 01296nam a2200253 4500 | ||
|---|---|---|---|
| 005 | 20240530110939.0 | ||
| 008 | 221025s2021 ua abf f b 000 0 ara d | ||
| 017 |
_a2020/16297 _bمصر. دار الكتب |
||
| 020 | _a9789776840034 | ||
| 040 |
_aEG-CaGPL _cEG-CaGPL |
||
| 082 | 0 | 8 |
_221 _a725.2/ _bق/ن ف |
| 100 | 0 | _aنجلاء عبدالرحمن محمد خلاف | |
| 245 | 1 | 0 |
_aفقه عمارة المنشات التجارية : _bدراسة تطبيقية على المنشات التجارية بمدينة القاهرة فى العصرين المملوكى والعثمانى / _cتاليف نجلاء عبدالرحمن محمد خلاف |
| 250 | _aط.1 | ||
| 260 |
_aالاسكندرية : _bدار الوفاء لدنيا الطباعة و النشر، _c2021. |
||
| 300 |
_a740 ص. : _bايض ؛ _c24 سم. |
||
| 504 | _aيشتمل على ارجاعات ببليوجرافية | ||
| 650 | 0 | 7 |
_2qrmak _aالمنشات التجارية _xعمارة _zالقاهرة |
| 650 | 0 | 7 |
_2qrmak _aالمنشات التجارية _xعمارة _zالقاهرة _yالعصر المملوكى |
| 650 | 0 | 7 |
_2qrmak _aالمنشات التجارية _xعمارة _zالقاهرة _yالعصر العثمانى |
| 651 | _2qrmak | ||
| 942 |
_2ddc _cBK |
||
| 999 |
_c66789 _d66789 |
||